| 000 | 00521nam a2200181Ia 4500 | ||
|---|---|---|---|
| 005 | 20250508160343.0 | ||
| 008 | 008 250505s9999 xx 000 0 eng d | ||
| 037 | _aTextual | ||
| 040 |
_aFEDL _beng _cFEDL |
||
| 041 |
_aeng _2eng |
||
| 084 |
_a796.13, BLE _qFEDL |
||
| 100 |
_aBley Edgar S _9768340 |
||
| 245 | 0 | _aBest singing games for children of all ages | |
| 260 |
_aNew York, USA _bSterling Publishing Company _c1957 |
||
| 300 | _a96p. | ||
| 942 |
_cTEXL _h796.13, BLE |
||
| 999 |
_c1363952 _d1363952 |
||